| 000 | 00925nac a22002777a 4500 | ||
|---|---|---|---|
| 001 | BR8105873 | ||
| 003 | BR-BrBNA | ||
| 005 | 20240105115053.0 | ||
| 008 | 230509b bl.|||m| |||| 00| 0 por d | ||
| 040 |
_aBR-BrBNA _bpor _cBiblioteca Nacional de Agricultura |
||
| 072 | _aL72 | ||
| 090 | _a5250 BR8105873 | ||
| 100 | 1 | _aOliveira, N. de C. | |
| 100 | 1 | _aOliveira, N.L.H. | |
| 110 | 1 |
_aEmpresa de Pesquisa Agropecuaria da Bahia, Salvador (Brasil) _94095 |
|
| 245 | 1 | _aPrevalencia de helmintos gastrintestinais em caprinos da microrregiao Sertao de Canudos, Bahia [Brasil] | |
| 260 | 3 |
_aSalvador, BA (Brasil): _c1981. |
|
| 300 | _a7 p. | ||
| 490 |
_aComunicado Tecnico - Empresa de Pesquisa Agropecuaria da Bahia (Brazil) _vno. 7 _xISSN 0100-4816 |
||
| 650 | _aVERMINOSE | ||
| 650 | _aCAPRINO | ||
| 650 | _aCANUDOS | ||
| 650 | _aBAHIA | ||
| 909 |
_a202312 _bLúcia Elande _c55 _dLúcia Elande |
||
| 942 |
_2AGRIS _n0 _cMS |
||
| 999 |
_c272882 _d272882 |
||